Crónica de las islas Canarias / (Record no. 182600)

MARC details
000 -LEADER
campo de control de longitud fija 00987nam a2200217 i 4500
001 - NÚMERO DE CONTROL
campo de control 182600
003 - IDENTIFICADOR DE NÚMERO DE CONTROL
campo de control ES-MaACL
005 - FECHA Y HORA DE LA ÚLTIMA TRANSACCIÓN
campo de control 20251014063256.0
008 - DATOS DE LONGITUD FIJA--INFORMACIÓN GENERAL
campo de control de longitud fija 131001s1868 sp a | |||||||| | spa d
080 ## - NÚMERO DE LA CLASIFICACIÓN DECIMAL UNIVERSAL
Número de la Clasificación Decimal Universal 908(460.41)
100 1# - ENTRADA PRINCIPAL--NOMBRE DE PERSONA
Nombre de persona Giménez Romera, Waldo,
Fechas asociadas al nombre 1835-1896
9 (RLIN) 176244
245 10 - MENCIÓN DEL TÍTULO
Título Crónica de las islas Canarias /
Mención de responsabilidad, etc. por Waldo Giménez Romera.
260 ## - PUBLICACIÓN, DISTRIBUCIÓN, ETC.
Lugar de publicación, distribución, etc. Madrid :
Nombre del editor, distribuidor, etc. Rubio, Grilo y Vitturi,
Fecha de publicación, distribución, etc. 1868.
300 ## - DESCRIPCIÓN FÍSICA
Extensión 96 p., [4] h. de lám., [2] h. de mapas ;
Dimensiones 32 cm.
490 1# - MENCIÓN DE SERIE
Mención de serie Crónica general de España, o sea historia ilustrada y descriptiva de sus provincias, sus poblaciones más importantes de la península y de ultramar
650 #7 - PUNTO DE ACCESO ADICIONAL DE MATERIA--TÉRMINO DE MATERIA
Término de materia o nombre geográfico como elemento de entrada
Fuente del encabezamiento o término
9 (RLIN) 241625
650 #4 - PUNTO DE ACCESO ADICIONAL DE MATERIA--TÉRMINO DE MATERIA
Término de materia o nombre geográfico como elemento de entrada
9 (RLIN) 241645
830 0# - PUNTO DE ACCESO ADICIONAL DE SERIE-TÍTULO UNIFORME
Título uniforme Crónica general de España, o sea Historia ilustrada y descriptiva de sus provincias, sus poblaciones más importantes de la península y posesiones de Ultramar
9 (RLIN) 224862
852 ## - LOCALIZACIÓN
Ubicación ES-MaACL
Número de control de estantería C-1578(3)
Nota libre .- Encuadernado con otras obras
Holdings
Estatus retirado Estado de pérdida Estado de daño No para préstamo Colección Biblioteca de origen Biblioteca actual Ubicación en estantería Fecha de adquisición Fuente de adquisición Total de préstamos Signatura topográfica completa Código de barras Visto por última vez Precio de reemplazo Tipo de ítem Koha
        Libros del s. XIX Biblioteca del Ateneo de Madrid Biblioteca del Ateneo de Madrid Sala Palomar 01/10/2013     C-1578(3) 1191898 23/02/2023 23/02/2023 Libro impreso antiguo